| 000 | 00933cab a2200229 4500 | ||
|---|---|---|---|
| 001 | ABS45461 | ||
| 008 | 090401t1991 xxu||||| |||| 00| 0 eng d | ||
| 035 | _a(Sirsi) u53118 | ||
| 041 | _aeng | ||
| 100 | _aEllison, J. | ||
| 245 | _aBattling for the right to succession | ||
| 260 | _c1991 | ||
| 350 | _a0 | ||
| 490 |
_aLocal Government Chronicle _v15 November 1991, 22(1) |
||
| 520 | _aDiscusses case law dealing with succession rights in local authority housing possession disputes: Waltham Forest LBC v Thomas 1991; South Northamptonshire DC v Power 1987; Westminister CC v Basson 1990 and Thompson v Elmbridge BC 1987. | ||
| 650 | _aCOUNCIL TENANCIES | ||
| 650 | _aPROPERTY-RESIDENTIAL PROPERTY-RESIDENTIAL LANDLORD AND TENANT-RESIDENTIAL TENANCIES | ||
| 650 | _aSUCCESSION RIGHTS | ||
| 690 | _aPROPERTY-RESIDENTIAL PROPERTY-RESIDENTIAL LANDLORD AND TENANT-RESIDENTIAL TENANCIES | ||
| 942 | _n0 | ||
| 948 | _c04/03/1997 | ||
| 999 |
_c32768 _d32768 |
||